| 000 | 00544nam a22001817a 4500 | ||
|---|---|---|---|
| 005 | 20260303094754.0 | ||
| 008 | 260303b |||||||| |||| 00| 0 eng d | ||
| 020 | _a9780766011120 | ||
| 050 |
_aHC 102.5 .G74 1999 _bC.1 |
||
| 100 | _aGreen, Carl R. | ||
| 245 | _aAmerican Tycoons | ||
| 260 |
_aBerkeley Heights, NJ _bEnslow Publishers, Inc. _c1999 |
||
| 300 | _a112p.: ill | ||
| 500 | _aIncludes index | ||
| 650 | _a1. Businesspeople - United States - Biography - Juvenile literature. | ||
| 700 | _aSanford, William R. | ||
| 942 |
_2lcc _cBK |
||
| 999 |
_c216741 _d216741 |
||